Vývoj celkovej výkonnosti ekonomiky SR a procesu reálnej konvergencie v rokoch 1997-2008

Vývoj jednotlivých ukazovateľov ekonomiky je najdôležitejším určujúcim trendom reálnej konvergencie ekonomiky. HDP na obyvateľa vyčísleného na základe parity kúpnej sily. Pokles energetickej náročnosti. Výdavky na vedu a výskum.

Salvato in:
Dettagli Bibliografici
Autore principale: Fülöp, Peter
Natura: Capitolo di libro
Lingua:slovacco
Soggetti:
Tags: Aggiungi Tag
Nessun Tag, puoi essere il primo ad aggiungerne!!

MARC

LEADER 00000nla$a2200000$$$4500
001 0120301
005 20240502072340.5
041 0 |a slo 
044 |a SK 
245 1 0 |a Vývoj celkovej výkonnosti ekonomiky SR a procesu reálnej konvergencie v rokoch 1997-2008  |c Peter Fülöp 
520 |a Vývoj jednotlivých ukazovateľov ekonomiky je najdôležitejším určujúcim trendom reálnej konvergencie ekonomiky. HDP na obyvateľa vyčísleného na základe parity kúpnej sily. Pokles energetickej náročnosti. Výdavky na vedu a výskum. 
610 2 0 |a konvergencia 
610 2 0 |a Slovensko 
610 2 0 |a produkt domáci hrubý 
610 2 0 |a únie menové 
610 2 0 |a výkonnosť ekonomiky 
610 2 0 |a parita sily kúpnej 
610 2 0 |a náročnosť energetická 
610 2 0 |a veda 
610 2 0 |a výskum 
100 1 |a Fülöp, Peter